Els Monuments megalítics a l'illa de Menorca / Josep Mascaró i Pasarius
Descripción Física:
90 p. : il., 38 p. de làm. ; 25 cm
MARC
| LEADER | 00000nam a2200000Ia 4500 | ||
|---|---|---|---|
| 001 | 8939 | ||
| 003 | BGR | ||
| 005 | 20260324175559.0 | ||
| 008 | 160829s1958 xx 000 0 cat d | ||
| 080 | |a H-1-64 | ||
| 100 | |a Mascaró Pasarius, Josep |9 32295 | ||
| 245 | |a Els Monuments megalítics a l'illa de Menorca / Josep Mascaró i Pasarius | ||
| 260 | |a Barcelona : |b Institut d'Estudis Catalans. Secció Històrico - Arqueològica, |c 1958 | ||
| 300 | |a 90 p. : |b il., 38 p. de làm. ; |c 25 cm | ||
| 490 | |a Memòries de la Secció Històrico-Arqueològica ; 19 | ||
| 590 | |a Premi Jaume I, 1957 | ||
| 650 | |a Megàlits |x Menorca |9 32297 | ||
| 650 | |a Dòlmens |x Menorca |9 34012 | ||
| 650 | |a Menorca |x Arqueologia |9 34013 | ||
| 710 | 2 | |a Institut d'Estudis Catalans |9 52284 |b Secció Històrico-Arqueològica | |
| 901 | |a Arxiu | ||
| 942 | |n 1 |2 udc |c MON | ||
| 952 | |0 0 |1 0 |4 0 |6 H164 |7 1 |9 46343 |a Arxiu |b Arxiu |d 2016-12-01 |l 0 |o H-1-64 |p 8939 |r 2016-12-01 00:00:00 |w 2016-12-01 |y ARXIU | ||
| 999 | |c 50128 |d 50128 | ||